Welcome to the Holygrace Academy Library

Please use search bar below to get started

REFLECTIONS ON THE ULTIMATE QUESTIONS (Record no. 5267)

MARC details
000 -LEADER
fixed length control field 00310nam a22001337a 4500
082 ## - DEWEY DECIMAL CLASSIFICATION NUMBER
Classification number 158
Item number KAL/R
100 ## - MAIN ENTRY--AUTHOR NAME
Personal name KALLINGAL, ANTHONY
245 ## - TITLE STATEMENT
Title REFLECTIONS ON THE ULTIMATE QUESTIONS
250 ## - EDITION STATEMENT
Edition statement FIRST EDITION
260 ## - PUBLICATION, DISTRIBUTION, ETC. (IMPRINT)
Place of publication ALUVA
Name of publisher PEN BOOKS
Year of publication 2003
300 ## - PHYSICAL DESCRIPTION
Number of Pages 248
650 ## - SUBJECT ADDED ENTRY--TOPICAL TERM
Topical Term RELIGIOUS
Geographic subdivision INDIA
942 ## - ADDED ENTRY ELEMENTS (KOHA)
Koha item type Books
Holdings
Withdrawn status Lost status Collection code Home library Current library Shelving location Date acquired Source of acquisition Cost, normal purchase price Full call number Accession Number Koha item type
    Non-fiction Main Library Main Library SHELF 15 C-RELIGIOUS 30/01/2019 purchase 30.00 158 KAL/R 10847 Books